000 00552nam a2200181Ia 4500
008 130821s1968 enk gr eng
040 _aCo-BoUCM
_bspa
041 _aeng
100 _aSellitoe, Alan
_9155270
245 _aSaturday night and sunday morning
_cAlan Sillitoe
260 _aLondres (Inglaterra)
_bLongmans
_c1968
300 _a242 páginas
500 _aNotas al final del texto
600 _aCraig, David
_91423
650 0 4 _aNovela inglesa
_920530
942 _cLIBRO
_a18
_e1
_mS45
_2DEWEY
_h823.9
999 _c5057
_d5057